000
00217nam a2200085Ia 4500
008
120527s9999 xx 000 0 und d
100
_a
CCH Tax Law Edition
245
_a
Explanation of tax reform Act of 1986
942
_c
BK
999
_c
27106
_d
27106